000 00489nam a2200205Ia 4500
001 13166
003 GE_BSU
008 181216s||||||||xx |||||||||||||| ||und||
040 _cGE_BSU
080 _a631.4
100 _aРевут,И.Б.
245 _aФизика почв
250 _a2-ое доп. и перер.
260 _aЛенинград
260 _bКолос
260 _c1972
300 _a366стр.20см.илл.
653 _aФизика почв
942 _cBK
999 _c46330
_d46330